四年级上语文课文 - Statistics

General Stats
  • This quiz has been taken 29 times
  • The average score is 12 of 27
Answer Stats
题号 课题 % Correct
1 观潮
70%
9 古诗三首
65%
21 古诗三首
65%
2 走月亮
55%
10 爬山虎的脚
55%
5 一个豆荚里的五粒豆
50%
6 夜间飞行的秘密
50%
7 呼风唤雨的世纪
50%
8 蝴蝶的家
50%
11 蟋蟀的住宅
50%
3 现代诗二首
45%
4 繁星
45%
15 女娲补天
40%
19 一只窝囊的大老虎
40%
22 为中华之崛起而读书
40%
13 精卫填海
35%
14 普罗米修斯
35%
16 麻雀
35%
18 牛和鹅
35%
20 陀螺
35%
24 延安,我把你追寻
35%
12 盘古开天地
30%
17 爬天都峰
30%
23 梅兰芳蓄须
30%
25 王戎不取道旁李
30%
26 西门豹治邺
25%
27 故事二则
25%
No matching quizzes found
Score Distribution
Percent of People with Each Score
Percentile by Number Answered
Your Score History
You have not taken this quiz